Bệnh đau đầu Bấm huyệt chữa bệnh: Bí thuật Trung Hoa

Sách hướng dẫn cách tự chữa trị đơn giản như chườm lạnh, chườm nóng, đè huyệt, day ấn, xoa bóp, lăn ống tre, "trồng chuối"... để chữa chứng đau đầu cùng một số chứng bệnh thông thường khác tại nhà (viêm họng, sổ mũi, hoa mắ...

Täydet tiedot

Tallennettuna:
Bibliografiset tiedot
Päätekijä: Chu, Chí Kiệt
Aineistotyyppi: Kirja
Kieli:Undetermined
Julkaistu: H. Y Học 1999
Aiheet:
Tagit: Lisää tagi
Ei tageja, Lisää ensimmäinen tagi!
Thư viện lưu trữ: Trung tâm Học liệu Trường Đại học Cần Thơ
LEADER 01074nam a2200229Ia 4500
001 CTU_35804
008 210402s9999 xx 000 0 und d
020 |b 14.500đ 
020 |c 14500 
082 |a 615.892 
082 |b K308 
100 |a Chu, Chí Kiệt 
245 0 |a Bệnh đau đầu 
245 0 |b Bấm huyệt chữa bệnh: Bí thuật Trung Hoa 
245 0 |c Chu Chí Kiệt, Phùng Lực Sinh; Kim Dao biên dịch 
260 |a H. 
260 |b Y Học 
260 |c 1999 
520 |a Sách hướng dẫn cách tự chữa trị đơn giản như chườm lạnh, chườm nóng, đè huyệt, day ấn, xoa bóp, lăn ống tre, "trồng chuối"... để chữa chứng đau đầu cùng một số chứng bệnh thông thường khác tại nhà (viêm họng, sổ mũi, hoa mắt, ù tai...) 
650 |a Acupressure,Acupuncture,Headache,Massage,Physical therapeutics 
904 |i Minh, 000316 
980 |a Trung tâm Học liệu Trường Đại học Cần Thơ